000 00520nam a2200181Ia 4500
005 20250508151834.0
008 008 250505s9999 xx 000 0 eng d
037 _aTextual
040 _aFEDL
_beng
_cFEDL
041 _aeng
_2eng
084 _a362.7, MOR
_qFEDL
100 _aMordy Isobel
_9760125
245 0 _aChild wants a home foster-homes : How and why?
260 _aLondon, UK
_bGeorge G. Harrap and Co. Ltd
_c1956
300 _a127p.
942 _cTEXL
_h362.7, MOR
999 _c1332434
_d1332434